[Event "4NCL Online Division 3"]
[Site "online"]
[Date "2022.02.22"]
[EventDate "2022.02.22"]
[Round "3.61"]
[White "Caceres de la Calle, Eduardo"]
[WhiteElo "1687"]
[WhiteTeam "Hackney Hungry"]
[Black "Smith, Richard AL"]
[BlackElo "1698"]
[BlackTeam "Cornish Pirates"]
[Result "0-1"]
[PlyCount "96"]

1. c4 e5 2. Nc3 Nf6 3. g3 Bc5 4. Bg2 O-O 5. e3 Re8 6. Nge2 Nc6 7. O-O a6 8. b3 d6 9. d3 Bd7 10. h3 Qc8 11. Kh2 Ne7 12. d4 exd4 13. Nxd4 c6 14. Bb2 Bxd4 15. Qxd4 Nf5 16. Qd3 Qc7 17. Ne4 Nxe4 18. Bxe4 Qc8 19. g4 Nh4 20. Bxh7+ Kh8 21. Kg3 Re6 22. Bf5 Nxf5+ 23. gxf5 Rh6 24. Qd4 Rh7 25. e4 Qd8 26. Rh1 Qh4+ 27. Kf3 Qh5+ 28. Ke3 d5 29. f3 dxe4 30. fxe4 Bxf5 31. exf5 Re8+ 32. Kd3 Qf3+ 33. Kc2 Re2+ 34. Kb1 Qxh1+ 35. Bc1 Qe4+ 36. Qxe4 Rxe4 37. Kb2 Rxh3 38. Bg5 f6 39. Bd2 Re5 40. Rf1 Re2 41. Kc1 Rhh2 42. Rd1 Rhf2 43. Bb4 Rxf5 44. Rd8+ Kh7 45. Kd1 Rxa2 46. Bc3 Rh5 47. Rd7 Rh1+ 48. Be1 Ra1+ 0-1

[Event "4NCL Online Division 3"]
[Site "online"]
[Date "2022.02.22"]
[EventDate "2022.02.22"]
[Round "3.62"]
[White "Macphail, Kieran"]
[WhiteElo "1717"]
[WhiteTeam "Cornish Pirates"]
[Black "Landman, Aharon"]
[BlackElo "1758"]
[BlackTeam "Hackney Hungry"]
[Result "1-0"]
[PlyCount "73"]

1. e4 e5 2. Nf3 Nc6 3. Nc3 Nf6 4. d4 exd4 5. Nxd4 Bb4 6. Nxc6 bxc6 7. Bd3 d5 8. exd5 cxd5 9. O-O O-O 10. h3 Re8 11. Qf3 Bb7 12. Bg5 Re6 13. Qf4 d4 14. Nb5 Qd5 15. Qf3 Ne4 16. Nxc7 Qxg5 17. Nxe6 Qe5 18. Qf4 Qxe6 19. a3 Bd6 20. Qh4 Qe5 21. f4 Qd5 22. Rae1 f5 23. b3 Rf8 24. Bc4 Rf6 25. Bxd5+ Bxd5 26. Kh2 Kf7 27. Qh5+ Kg8 28. Qe8+ Rf8 29. Qb5 Ba8 30. Qc4+ Kh8 31. Qxd4 Rf6 32. Qxa7 Rf8 33. a4 Nd2 34. Rf2 Ne4 35. Rf3 Nd2 36. Rg3 Bxf4 37. Qxg7# 1-0

[Event "4NCL Online Division 3"]
[Site "online"]
[Date "2022.02.22"]
[EventDate "2022.02.22"]
[Round "3.63"]
[White "Webb, Nick"]
[WhiteElo "1730"]
[WhiteTeam "Hackney Hungry"]
[Black "Pope, Martin"]
[BlackElo "1660"]
[BlackTeam "Cornish Pirates"]
[Result "1-0"]
[PlyCount "59"]

1. c4 e6 2. Nc3 d5 3. cxd5 exd5 4. d4 Nf6 5. Nf3 h6 6. Bf4 c6 7. e3 Bg4 8. Bd3 Bd6 9. Bg3 Qe7 10. O-O Bxg3 11. hxg3 Ne4 12. Qc2 Nxc3 13. bxc3 O-O 14. Ne5 Be6 15. Rab1 Qc7 16. f4 Nd7 17. Nxd7 Bxd7 18. Kf2 b5 19. Rh1 Bg4 20. Rh4 h5 21. Bh7+ Kh8 22. Rxg4 hxg4 23. Rh1 g6 24. Bxg6+ Kg7 25. Rh7+ Kf6 26. Qf5+ Ke7 27. Rxf7+ Rxf7 28. Qxf7+ Kd6 29. Qf6+ Kd7 30. Bf5+ 1-0

[Event "4NCL Online Division 3"]
[Site "online"]
[Date "2022.02.22"]
[EventDate "2022.02.22"]
[Round "3.64"]
[White "Jones, Bryan"]
[WhiteElo "1552"]
[WhiteTeam "Cornish Pirates"]
[Black "Wouters, Olivier"]
[BlackElo "1370"]
[BlackTeam "Hackney Hungry"]
[Result "1-0"]
[PlyCount "81"]

1. d4 d5 2. Nf3 Nf6 3. e3 Bg4 4. c4 e6 5. Nc3 Ne4 6. Qb3 b6 7. cxd5 Nxc3 8. bxc3 Qxd5 9. Qxd5 exd5 10. Ne5 Bf5 11. c4 Be6 12. cxd5 Bxd5 13. f3 f6 14. Nc4 c5 15. e4 Bf7 16. d5 b5 17. Ne3 c4 18. a4 b4 19. Bxc4 Bc5 20. Ke2 Nd7 21. Bb5 Ke7 22. Bxd7 Kxd7 23. Bd2 a5 24. Rhc1 Rhc8 25. Nc4 Bd4 26. Rab1 Re8 27. Be3 Bxe3 28. Kxe3 f5 29. Nb6+ Kd6 30. Rc6+ Ke7 31. Nxa8 Rxa8 32. Rc7+ Kf8 33. Rbc1 Rb8 34. Rc8+ Rxc8 35. Rxc8+ Ke7 36. Rc7+ Kf6 37. Kd4 Be8 38. e5+ Kg5 39. Rxg7+ Kf4 40. Ra7 b3 41. Kc3 1-0

[Event "4NCL Online Division 3"]
[Site "online"]
[Date "2022.02.22"]
[EventDate "2022.02.22"]
[Round "3.71"]
[White "Coathup, Roger H"]
[WhiteElo "2190"]
[WhiteTeam "Morpeth"]
[Black "Hill, Jonathan S"]
[BlackElo "1979"]
[BlackTeam "Stretford and Urmston"]
[Result "1-0"]
[PlyCount "107"]

1. c4 Nf6 2. d4 g6 3. Nc3 Bg7 4. e4 d6 5. Be2 O-O 6. Bg5 c5 7. d5 e6 8. Nf3 exd5 9. exd5 Re8 10. O-O Bg4 11. h3 Bxf3 12. Bxf3 Nbd7 13. Qc2 a6 14. a4 b6 15. Rae1 Qc7 16. Qd2 Rxe1 17. Rxe1 Re8 18. Bd1 Qb8 19. f4 h6 20. Bh4 Rxe1+ 21. Qxe1 Qe8 22. g4 Qxe1+ 23. Bxe1 Ne8 24. Kg2 Bd4 25. b3 Kf8 26. Ne2 Bg7 27. Bd2 Ndf6 28. Ng3 Ke7 29. Kf3 Nd7 30. h4 Bf6 31. h5 Bb2 32. Bc2 Nf8 33. f5 g5 34. f6+ Nxf6 35. Nf5+ Kd7 36. Nxh6 N6h7 37. Nxf7 Bf6 38. Ke4 Ke7 39. Nh6 Bb2 40. Kf5 Bg7 41. Bxg5+ Nxg5 42. Kxg5 Bc3 43. Nf5+ Kd7 44. Ne3 Bd2 45. Bf5+ Ke7 46. Kf4 Nd7 47. Bxd7 Kxd7 48. Ke4 Bc3 49. g5 Ke7 50. Kf5 Kf7 51. Ng4 Bd4 52. g6+ Kg8 53. h6 Kh8 54. g7+ 1-0

[Event "4NCL Online Division 3"]
[Site "online"]
[Date "2022.02.22"]
[EventDate "2022.02.22"]
[Round "3.72"]
[White "Herrera, Diego"]
[WhiteElo "1832"]
[WhiteTeam "Stretford and Urmston"]
[Black "Smyth, C Mike"]
[BlackElo "2027"]
[BlackTeam "Morpeth"]
[Result "0-1"]
[PlyCount "64"]

1. e4 c5 2. d4 cxd4 3. c3 dxc3 4. Nxc3 d6 5. Bc4 Nc6 6. h3 Nf6 7. Nf3 g6 8. Qe2 Bg7 9. O-O O-O 10. Rd1 Nd7 11. Bg5 Nde5 12. Nxe5 Nxe5 13. Nd5 Re8 14. Bb5 Nc6 15. Rac1 Bd7 16. Qd2 a6 17. Bxe7 Rxe7 18. Nxe7+ Qxe7 19. Qxd6 Qxd6 20. Rxd6 Be8 21. Bxc6 Bxc6 22. f3 Bxb2 23. Rcd1 Be5 24. Rd8+ Rxd8 25. Rxd8+ Kg7 26. Kf2 Bb5 27. g3 Bc4 28. f4 Bc3 29. Rd7 b5 30. Rc7 Bd4+ 31. Kf3 Bxa2 32. Rd7 Bc3 0-1

[Event "4NCL Online Division 3"]
[Site "online"]
[Date "2022.02.22"]
[EventDate "2022.02.22"]
[Round "3.73"]
[White "Turner, James"]
[WhiteElo "1953"]
[WhiteTeam "Morpeth"]
[Black "Whalley, Mark E"]
[BlackElo "1724"]
[BlackTeam "Stretford and Urmston"]
[Result "1-0"]
[PlyCount "101"]

1. e4 c6 2. d4 d5 3. exd5 cxd5 4. c4 Nf6 5. Nc3 e6 6. c5 Be7 7. Nf3 O-O 8. b4 Ne4 9. Qc2 f5 10. Bd3 b6 11. O-O a5 12. Na4 axb4 13. Nxb6 Ra5 14. Bd2 Nc6 15. Nxc8 Qxc8 16. a3 Nxd2 17. Qxd2 Rxa3 18. Bb5 Nxd4 19. Qxd4 Qxc5 20. Qxc5 Bxc5 21. Bd7 Kf7 22. Ng5+ Kg6 23. Nxe6 Bxf2+ 24. Kxf2 Rfa8 25. Rxa3 Rxa3 26. Nf4+ Kf7 27. Nxd5 b3 28. Bxf5 Ra5 29. Ne3 g6 30. Bd3 Ra2+ 31. Kg1+ Ke7 32. Bc4 Rb2 33. Nd1 Rb1 34. Nc3 Rxf1+ 35. Kxf1 b2 36. Ba2 Kd6 37. Nd1 Ke5 38. Nxb2 Kd4 39. Bg8 h6 40. Bf7 g5 41. Ke2 Ke5 42. Nd3+ Kf6 43. Bh5 Kf5 44. h3 Ke4 45. Bf3+ Kf5 46. Nf2 Kg6 47. Be4+ Kh5 48. Ng4 Kh4 49. Nxh6 Kg3 50. Bf3 Kf4 51. Kf2 1-0

[Event "4NCL Online Division 3"]
[Site "online"]
[Date "2022.02.22"]
[EventDate "2022.02.22"]
[Round "3.74"]
[White "Randall, Grant"]
[WhiteElo "1572"]
[WhiteTeam "Stretford and Urmston"]
[Black "Symonds, Richard H"]
[BlackElo "1990"]
[BlackTeam "Morpeth"]
[Result "1-0"]
[PlyCount "83"]

1. e4 d6 2. d4 Nf6 3. Nc3 Nbd7 4. Nf3 e5 5. Bc4 Be7 6. h3 h6 7. Be3 c6 8. a4 Qc7 9. Ba2 Nf8 10. Qd2 g5 11. Nh2 Ng6 12. f3 Bd7 13. Ng4 Nh5 14. O-O-O Rh7 15. Qf2 Qa5 16. Bd2 O-O-O 17. Kb1 exd4 18. Qxd4 Bxg4 19. hxg4 Bf6 20. Qc4 Ne5 21. Qb3 Nf4 22. Nd5 Qa6 23. Nxf6 Rhh8 24. Bxf4 gxf4 25. Nh5 Kb8 26. Nxf4 Ka8 27. Nd3 Rhe8 28. Rxh6 b5 29. axb5 cxb5 30. Nxe5 Rxe5 31. Qd3 Qa5 32. Rxd6 Rc8 33. Rd8 Rc5 34. Rxc8+ Rxc8 35. Bxf7 Qa4 36. Bb3 Qa5 37. Qd7 Kb8 38. Be6 Rc7 39. Qd8+ Kb7 40. Rd7 Qe1+ 41. Rd1 Qe2 42. Qd2 1-0

[Event "4NCL Online Division 3"]
[Site "online"]
[Date "2022.02.22"]
[EventDate "2022.02.22"]
[Round "3.81"]
[White "Barr, Joseph"]
[WhiteElo "1540"]
[WhiteTeam "Harrow 3"]
[Black "Zhou, Sansan"]
[BlackElo "1262"]
[BlackTeam "Kent KJCA Kestrels E"]
[Result "1-0"]
[PlyCount "76"]

1. e4 e5 2. Nf3 Nc6 3. Nc3 Nf6 4. g3 Bc5 5. Bg2 d6 6. h3 Be6 7. d3 O-O 8. Na4 Bb6 9. Nxb6 axb6 10. a3 d5 11. exd5 Bxd5 12. O-O Nd4 13. Nxe5 Re8 14. Nf3 Ne2+ 15. Kh2 Nxc1 16. Rxc1 Re7 17. Re1 Qd6 18. Rxe7 Qxe7 19. Qd2 h6 20. Re1 Qd6 21. Nh4 Bxg2 22. Nxg2 Re8 23. Re3 Re6 24. Nf4 Rxe3 25. Qxe3 Qc6 26. c4 b5 27. c5 g6 28. b4 g5 29. Ne2 h5 30. Qxg5+ Kf8 31. Nd4 Qd7 32. Qxf6 c6 33. Qd6+ Qxd6 34. cxd6 Ke8 35. Nf5 Kd7 36. Kg2 Ke6 37. g4 f6 38. Kf3 b6 1-0

[Event "4NCL Online Division 3"]
[Site "online"]
[Date "2022.02.22"]
[EventDate "2022.02.22"]
[Round "3.82"]
[White "Yuan, Ryan"]
[WhiteElo "1138"]
[WhiteTeam "Kent KJCA Kestrels E"]
[Black "Dhemrait, Surjit S"]
[BlackElo "1638"]
[BlackTeam "Harrow 3"]
[Result "1-0"]
[PlyCount "97"]

1. e4 e5 2. Nf3 Nc6 3. Bc4 Be7 4. d3 a6 5. O-O Nf6 6. h3 b5 7. Bb3 Na5 8. Nc3 c6 9. Nxe5 Nxb3 10. axb3 Qc7 11. Nf3 Bd6 12. Re1 Be5 13. d4 Bf4 14. e5 Nd5 15. Nxd5 cxd5 16. Bxf4 O-O 17. c3 Qd8 18. Qd3 h6 19. Bg3 Re8 20. Bh4 Qb6 21. Bg3 Re6 22. Nh4 Qd8 23. Nf5 Rg6 24. Nd6 Qe7 25. Rad1 Qe6 26. Qf3 Rb8 27. b4 Bb7 28. Kh2 Bc6 29. Kg1 Rf8 30. Rd3 f5 31. Qf4 Rg5 32. Bh4 Rg6 33. Rg3 Kh7 34. Ree3 Kh8 35. Rxg6 Qxg6 36. Rg3 Qh5 37. Be7 g5 38. Qf3 Qxf3 39. Rxf3 Ra8 40. Rxf5 a5 41. Rf8+ Rxf8 42. Bxf8 axb4 43. cxb4 Kh7 44. g3 Ba8 45. f4 Bc6 46. f5 h5 47. Be7 g4 48. hxg4 hxg4 49. f6 1-0

[Event "4NCL Online Division 3"]
[Site "online"]
[Date "2022.02.22"]
[EventDate "2022.02.22"]
[Round "3.84"]
[White "Watson, Scarlet"]
[WhiteElo "1102"]
[WhiteTeam "Kent KJCA Kestrels E"]
[Black "Walker, David J R"]
[BlackElo "1223"]
[BlackTeam "Harrow 3"]
[Result "1-0"]
[PlyCount "91"]

1. e4 c5 2. Nc3 d6 3. Nf3 Nf6 4. Bc4 e6 5. O-O a6 6. a3 Be7 7. e5 dxe5 8. Nxe5 O-O 9. d3 Nbd7 10. f4 b5 11. Bb3 Qb6 12. Qf3 Bb7 13. Qg3 Qc7 14. a4 b4 15. Ne2 Rad8 16. Be3 Qd6 17. Nc4 Qc7 18. c3 Rc8 19. cxb4 cxb4 20. Ne5 a5 21. Rac1 Qd8 22. Rxc8 Qxc8 23. Rc1 Qd8 24. f5 Nxe5 25. Qxe5 Bd5 26. Bc4 Ng4 27. Qg3 Nxe3 28. Qxe3 Bg5 29. Nf4 Qd6 30. g3 e5 31. Bxd5 Qxd5 32. Nxd5 Bxe3+ 33. Nxe3 f6 34. Kf2 Rd8 35. Ke2 Rd4 36. Rc5 b3 37. Rxa5 Rb4 38. Ra8+ Kf7 39. a5 Ra4 40. a6 Ra2 41. Nc4 Ke7 42. a7 Kd7 43. Rg8 Kc6 44. Na3 Rxb2+ 45. Ke3 Ra2 46. a8=Q+ 1-0

[Event "4NCL Online Division 3"]
[Site "online"]
[Date "2022.02.22"]
[EventDate "2022.02.22"]
[Round "3.91"]
[White "Dobbie, Graham"]
[WhiteElo "1823"]
[WhiteTeam "East Kilbride Strollers"]
[Black "Suyash Srikanta Prasad"]
[BlackElo "1751"]
[BlackTeam "Uxbridge B"]
[Result "0-1"]
[PlyCount "100"]

1. c4 c6 2. Nc3 Nf6 3. d4 d5 4. cxd5 cxd5 5. Bf4 a6 6. e3 Nc6 7. Bd3 e6 8. Rc1 Bb4 9. a3 Bd6 10. Bxd6 Qxd6 11. f4 O-O 12. Nf3 Ng4 13. Qe2 f6 14. Nh4 Nh6 15. O-O Bd7 16. g4 e5 17. g5 Ng4 18. h3 Nxe3 19. Bxh7+ Kxh7 20. Qh5+ Kg8 21. g6 Rfe8 22. Qh7+ Kf8 23. fxe5 Nxe5 24. dxe5 Qxe5 25. Qh8+ Ke7 26. Qxg7+ Ke6 27. Qf7+ Kd6 28. Qxf6+ Qxf6 29. Rxf6+ Re6 30. Rxe6+ Bxe6 31. Kf2 Nc4 32. Rg1 Nxb2 33. Ke3 Bxh3 34. Kf4 Nd3+ 35. Kg5 Be6 36. Nf5+ Ke5 37. Nh6 Kd4 38. Ne2+ Ke3 39. Ng3 d4 40. Ngf5+ Kf2 41. Rb1 Rd8 42. g7 Nc5 43. Nxd4 Rxd4 44. g8=Q Bxg8 45. Nxg8 Ra4 46. Rc1 b6 47. Ne7 Rxa3 48. Nd5 Na4 49. Kf4 Rf3+ 50. Ke4 Nc5+ 0-1

[Event "4NCL Online Division 3"]
[Site "online"]
[Date "2022.02.22"]
[EventDate "2022.02.22"]
[Round "3.92"]
[White "Knight, Daniel"]
[WhiteElo "1728"]
[WhiteTeam "Uxbridge B"]
[Black "Madhavan, Sanjith"]
[BlackElo "1732"]
[BlackTeam "East Kilbride Strollers"]
[Result "0-1"]
[PlyCount "98"]

1. d4 Nf6 2. Nf3 g6 3. c4 Bg7 4. Nc3 O-O 5. Bf4 d5 6. e3 c6 7. Bd3 Nbd7 8. O-O dxc4 9. Bxc4 Nb6 10. Bb3 Bg4 11. h3 Bxf3 12. Qxf3 e6 13. Bg5 h6 14. Bh4 g5 15. Bg3 Nbd5 16. Be5 Nd7 17. Bxg7 Kxg7 18. Nxd5 exd5 19. Bc2 Qf6 20. Qg4 Nb6 21. b3 Rae8 22. Rac1 Nc8 23. Bb1 Nd6 24. a4 Qe6 25. Qxe6 fxe6 26. Bd3 e5 27. dxe5 Rxe5 28. Rfd1 Ne4 29. Bxe4 Rxe4 30. Rd3 Rfe8 31. g3 Kf6 32. Kg2 h5 33. Rcd1 Kf5 34. Rd4 Rxd4 35. Rxd4 Re4 36. Kf3 g4+ 37. hxg4+ hxg4+ 38. Ke2 Rxd4 39. exd4 Ke4 40. b4 Kxd4 41. f4 gxf3+ 42. Kxf3 Kc3 43. g4 d4 44. Ke2 Kc2 45. g5 d3+ 46. Ke3 d2 47. g6 d1=Q 48. Kf4 Qd7 49. Kg5 Qg7 0-1

[Event "4NCL Online Division 3"]
[Site "online"]
[Date "2022.02.22"]
[EventDate "2022.02.22"]
[Round "3.93"]
[White "Robertson, Jim"]
[WhiteElo "1703"]
[WhiteTeam "East Kilbride Strollers"]
[Black "Foster, Brian E"]
[BlackElo "1627"]
[BlackTeam "Uxbridge B"]
[Result "1-0"]
[PlyCount "127"]

1. d4 Nf6 2. e3 e6 3. f4 d5 4. Nf3 c5 5. c3 Nc6 6. Bd3 Qa5 7. Nbd2 cxd4 8. exd4 Bd6 9. O-O O-O 10. Ne5 Be7 11. Ng4 Qd8 12. Nxf6+ Bxf6 13. Qg4 g6 14. Qe2 Bg7 15. Nf3 Qc7 16. Ne5 Nxe5 17. fxe5 Qe7 18. Qg4 f5 19. Qg3 Bd7 20. Bg5 Qe8 21. Qh4 Bb5 22. Rad1 Bxd3 23. Rxd3 Rf7 24. Qg3 Qd7 25. h4 Raf8 26. h5 gxh5 27. Qh4 Kh8 28. Qxh5 h6 29. Rh3 Kg8 30. Qg6 f4 31. Rxh6 Rf5 32. Bf6 R8xf6 33. Qh7+ Kf8 34. Rxf6+ Rxf6 35. exf6 Qf7 36. Qxg7+ Qxg7 37. fxg7+ Kxg7 38. Rxf4 a5 39. a4 b6 40. b4 Kg6 41. bxa5 bxa5 42. Rf8 Kg5 43. Ra8 Kf4 44. Rxa5 Ke4 45. Rc5 e5 46. dxe5 Kxe5 47. a5 Kd6 48. Rc8 Kd7 49. Rc5 Kd6 50. Rc8 Kd7 51. Rb8 Kc7 52. Rb1 Kc6 53. a6 Kc5 54. a7 Kc4 55. a8=R Kxc3 56. Rc8+ Kd3 57. Rd1+ Ke4 58. Re8+ Kf4 59. Rf1+ Kg4 60. Rf7 Kg5 61. Rg8+ Kh6 62. Rf3 Kh7 63. Rg4 d4 64. Rh3# 1-0

[Event "4NCL Online Division 3"]
[Site "online"]
[Date "2022.02.22"]
[EventDate "2022.02.22"]
[Round "3.94"]
[White "Gauri, Dhairye"]
[WhiteElo "1609"]
[WhiteTeam "Uxbridge B"]
[Black "Stewart, Alastair G"]
[BlackElo "1576"]
[BlackTeam "East Kilbride Strollers"]
[Result "0-1"]
[PlyCount "60"]

1. e4 d5 2. exd5 Nf6 3. Nc3 Nxd5 4. Bc4 Nb6 5. Bb3 Nc6 6. Nf3 Bf5 7. d3 e6 8. Bg5 Be7 9. Qd2 Bxg5 10. Nxg5 a5 11. a4 Nd4 12. Ba2 Nxc2+ 13. Qxc2 Qxg5 14. O-O O-O 15. Ne4 Qe7 16. Nc5 c6 17. Rfe1 Rac8 18. Qc3 Nd5 19. Qxa5 Ra8 20. Qd2 Qxc5 21. d4 Qa5 22. Qg5 Qxa4 23. g4 Bg6 24. Bxd5 Qb5 25. Rac1 Qxd5 26. Re5 Qxd4 27. Ree1 h6 28. Qh4 Ra4 29. h3 Qxb2 30. Rb1 Bxb1 0-1

[Event "4NCL Online Division 3"]
[Site "online"]
[Date "2022.02.22"]
[EventDate "2022.02.22"]
[Round "3.101"]
[White "Murphy, Sean"]
[WhiteElo "1990"]
[WhiteTeam "Cork A"]
[Black "Ye, Tim"]
[BlackElo "1364"]
[BlackTeam "Manchester Juniors B"]
[Result "1-0"]
[PlyCount "47"]

1. Nf3 d5 2. g3 e5 3. Nxe5 Nf6 4. Bg2 Bd6 5. d4 Nbd7 6. Nxd7 Bxd7 7. O-O h6 8. Nc3 c6 9. e4 Bc7 10. exd5 cxd5 11. Nxd5 Nxd5 12. Bxd5 Rb8 13. Re1+ Kf8 14. Qh5 Qf6 15. Bxf7 Qxf7 16. Qc5+ Kg8 17. Re7 Qf8 18. Qd5+ Kh7 19. Qxd7 Bb6 20. Bxh6 Rg8 21. Rae1 Rd8 22. Qh3 Kg6 23. R7e6+ Kh7 24. Bc1# 1-0

[Event "4NCL Online Division 3"]
[Site "online"]
[Date "2022.02.22"]
[EventDate "2022.02.22"]
[Round "3.102"]
[White "Burke, Alexander"]
[WhiteElo "1249"]
[WhiteTeam "Manchester Juniors B"]
[Black "Lawrence, Simon"]
[BlackElo "1682"]
[BlackTeam "Cork A"]
[Result "0-1"]
[PlyCount "120"]

1. e4 Nf6 2. Nc3 d5 3. exd5 Nxd5 4. Bc4 c6 5. Qf3 e6 6. Nge2 Nd7 7. d4 N7f6 8. Bg5 Be7 9. O-O O-O 10. Ne4 Nxe4 11. Bxe7 Qxe7 12. Qxe4 Nf6 13. Qe3 b6 14. a4 Bb7 15. c3 Rfd8 16. Rfd1 Rac8 17. a5 c5 18. axb6 cxd4 19. Rxd4 Rxd4 20. Qxd4 e5 21. Qh4 axb6 22. Ba6 Ra8 23. Qc4 Qc5 24. Rd1 Bxa6 25. Qxc5 bxc5 26. Ng3 g6 27. h3 Bc4 28. Rb1 Rb8 29. b4 Nd5 30. Ne4 cxb4 31. cxb4 Rxb4 32. Nf6+ Kg7 33. Ne8+ Kf8 34. Rxb4 Nxb4 35. Nd6 Bd5 36. Kf1 Ke7 37. Nc8+ Ke6 38. Nb6 Bb3 39. Ke2 Nd5 40. Nc8 Bc4+ 41. Kd2 Bf1 42. g3 Bxh3 43. Ke2 Kd7 44. Na7 Nc7 45. f3 Be6 46. g4 Kd6 47. Ke3 f6 48. f4 exf4+ 49. Kxf4 Kc5 50. g5 fxg5+ 51. Kxg5 Kb6 52. Kh6 Kxa7 53. Kxh7 g5 54. Kh6 g4 55. Kh5 g3 56. Kh6 g2 57. Kh7 g1=Q 58. Kh6 Bf7 59. Kh7 Qg6+ 60. Kh8 Qh6# 0-1

[Event "4NCL Online Division 3"]
[Site "online"]
[Date "2022.02.22"]
[EventDate "2022.02.22"]
[Round "3.103"]
[White "Twomey, Liam"]
[WhiteElo "1471"]
[WhiteTeam "Cork A"]
[Black "Eccleston, Rowan"]
[BlackElo "1233"]
[BlackTeam "Manchester Juniors B"]
[Result "1/2-1/2"]
[PlyCount "103"]

1. e4 e5 2. Nc3 Nf6 3. f4 d6 4. Nf3 Bg4 5. h3 Bxf3 6. Qxf3 Be7 7. Bc4 O-O 8. O-O Nc6 9. Ne2 Qd7 10. c3 Rad8 11. Bb5 a6 12. Ba4 b5 13. Bb3 a5 14. Bd5 b4 15. d4 exd4 16. e5 Nxd5 17. Qxd5 dxe5 18. Qxd7 Rxd7 19. fxe5 dxc3 20. bxc3 Nxe5 21. cxb4 axb4 22. Bf4 Ng6 23. Bg3 Re8 24. Nc1 Bc5+ 25. Kh1 Be3 26. Re1 f5 27. Nb3 f4 28. Bf2 Rde7 29. Re2 Bxf2 30. Rxf2 Re1+ 31. Rxe1 Rxe1+ 32. Kh2 Re5 33. Rc2 Re7 34. Rc4 Re2 35. Nc1 Rb2 36. Rxc7 f3 37. Kg1 Rxg2+ 38. Kh1 Rg3 39. Nd3 Rxh3+ 40. Kg1 Rh4 41. Kf2 Nf4 42. Rc8+ Kf7 43. Ne5+ Ke6 44. Nxf3 Nd3+ 45. Kg3 Rh5 46. Rc4 Ne5 47. Nd4+ Kf6 48. Rxb4 Rg5+ 49. Kh3 Rh5+ 50. Kg3 Rg5+ 51. Kh3 Rh5+ 52. Kg3 1/2-1/2

[Event "4NCL Online Division 3"]
[Site "online"]
[Date "2022.02.22"]
[EventDate "2022.02.22"]
[Round "3.104"]
[White "Benhamida, Jude"]
[WhiteElo "1199"]
[WhiteTeam "Manchester Juniors B"]
[Black "Bhattacharjee, Sumeet"]
[BlackElo "1478"]
[BlackTeam "Cork A"]
[Result "1-0"]
[PlyCount "85"]

1. e4 d6 2. Nf3 Nf6 3. Nc3 c6 4. d4 Qa5 5. Bd2 Qc7 6. Bd3 e5 7. O-O Bg4 8. dxe5 dxe5 9. h3 Bh5 10. Qe2 Be7 11. Rfe1 Nbd7 12. a3 Nc5 13. Bc4 Bg6 14. Bd3 Nxd3 15. cxd3 O-O 16. d4 exd4 17. Nxd4 Rad8 18. Nf5 Rfe8 19. Nxe7+ Rxe7 20. f3 h6 21. Rad1 Nh5 22. Qf2 Red7 23. Be3 b6 24. f4 Nf6 25. e5 Nd5 26. Nxd5 Rxd5 27. Rd2 Rxd2 28. Bxd2 Qd7 29. Bc3 Qd3 30. Re3 Qb1+ 31. Kh2 Rd1 32. e6 fxe6 33. Rxe6 Be4 34. Qe2 Bd5 35. Qe5 Rh1+ 36. Kg3 Qd3+ 37. Kh4 Qh7 38. Re8+ Kf7 39. Qe7+ Kg6 40. f5+ Kxf5 41. Rf8+ Kg6 42. Qe8+ Bf7 43. Qxf7# 1-0

[Event "4NCL Online Division 3"]
[Site "online"]
[Date "2022.02.22"]
[EventDate "2022.02.22"]
[Round "3.111"]
[White "Smith, Ryan S"]
[WhiteElo "1936"]
[WhiteTeam "Brentwood Juniors"]
[Black "Robins, Andrew"]
[BlackElo "1736"]
[BlackTeam "Ashfield Anonymous D"]
[Result "1-0"]
[PlyCount "67"]

1. Nf3 b6 2. e4 Bb7 3. Nc3 e6 4. d4 Bb4 5. Bd3 Nf6 6. Qe2 d5 7. e5 Ne4 8. O-O Nxc3 9. bxc3 Bxc3 10. Rb1 Nc6 11. Be3 h6 12. a3 O-O 13. Rb3 Nxd4 14. Nxd4 Bxd4 15. Bxd4 c5 16. Bxc5 bxc5 17. Rxb7 c4 18. Bxc4 dxc4 19. Qxc4 Qa5 20. Qf4 Qxa3 21. Rb3 Qc5 22. Rg3 Qxc2 23. Qxh6 Qh7 24. Qg5 a5 25. Rh3 Qf5 26. Qh4 f6 27. exf6 Qxf6 28. Qh7+ Kf7 29. Rf3 Qxf3 30. gxf3 a4 31. Qh5+ Kg8 32. Qg4 Rfe8 33. Rc1 Re7 34. Qe4 1-0

[Event "4NCL Online Division 3"]
[Site "online"]
[Date "2022.02.22"]
[EventDate "2022.02.22"]
[Round "3.112"]
[White "Taylor, Robert P"]
[WhiteElo "1639"]
[WhiteTeam "Ashfield Anonymous D"]
[Black "Pert, Nina"]
[BlackElo "1871"]
[BlackTeam "Brentwood Juniors"]
[Result "0-1"]
[PlyCount "122"]

1. d4 e6 2. Nf3 f5 3. Bf4 Nf6 4. Nc3 b6 5. e3 Bb7 6. Bd3 Bb4 7. O-O O-O 8. h3 c5 9. a3 Bxc3 10. bxc3 Nc6 11. Qe2 Nd5 12. Bd6 Rf6 13. Qd2 Rg6 14. e4 Nde7 15. d5 exd5 16. exd5 Rxd6 17. dxc6 Bxc6 18. Qf4 Rf6 19. Ne5 Bb7 20. Bc4+ d5 21. Rad1 Qe8 22. Be2 Rd8 23. Rd2 Re6 24. Bf3 Nc8 25. Nd3 Nd6 26. Rfd1 Nc4 27. Nxc5 Re1+ 28. Rxe1 Qxe1+ 29. Kh2 bxc5 30. Re2 Qxc3 31. Qc7 Qf6 32. Qxb7 Qd6+ 33. g3 Ne5 34. Bg2 Nc6 35. Rd2 Ne7 36. Qxa7 f4 37. Re2 fxg3+ 38. fxg3 Nf5 39. Qa5 Qxg3+ 40. Kh1 Rb8 41. Bxd5+ Kh8 42. Qb5 Qxh3+ 43. Kg1 Qg4+ 44. Bg2 Qd4+ 45. Kh2 Qf4+ 46. Kg1 Ne3 47. Qxb8+ Qxb8 48. Rxe3 g6 49. Be4 Qf4 50. Re2 Qc1+ 51. Kf2 Qxa3 52. Bd5 Qc3 53. Be4 h5 54. Re3 Qd2+ 55. Kf3 g5 56. Bd3 g4+ 57. Ke4 Qg2+ 58. Kf4 Qf2+ 59. Ke4 g3 60. Rf3 Qd4+ 61. Kf5 Qg4+ 0-1

[Event "4NCL Online Division 3"]
[Site "online"]
[Date "2022.02.22"]
[EventDate "2022.02.22"]
[Round "3.113"]
[White "Pert, Max"]
[WhiteElo "1692"]
[WhiteTeam "Brentwood Juniors"]
[Black "Fraser, Chris"]
[BlackElo "1562"]
[BlackTeam "Ashfield Anonymous D"]
[Result "1-0"]
[PlyCount "63"]

1. d4 Nf6 2. Nf3 e6 3. c4 Bb4+ 4. Bd2 Qe7 5. Nc3 O-O 6. e3 b6 7. Bd3 Bb7 8. a3 Bxc3 9. Bxc3 Ne4 10. Qc2 Nxc3 11. Qxc3 d6 12. b4 c5 13. Qc2 h6 14. e4 e5 15. d5 a5 16. bxc5 bxc5 17. Rb1 Qc7 18. Nh4 Nd7 19. Nf5 Rfb8 20. O-O Nf6 21. f4 Ng4 22. Qe2 Nf6 23. fxe5 dxe5 24. Nxh6+ Kf8 25. Ng4 Nh5 26. g3 Bc8 27. Ne3 Nf6 28. Nf5 Rxb1 29. Bxb1 Bxf5 30. Rxf5 Rb8 31. Rf1 Ng4 32. Qxg4 1-0

[Event "4NCL Online Division 3"]
[Site "online"]
[Date "2022.02.22"]
[EventDate "2022.02.22"]
[Round "3.114"]
[White "Pitts, Daniel"]
[WhiteElo "1291"]
[WhiteTeam "Ashfield Anonymous D"]
[Black "Omoruyi, Jaden"]
[BlackElo "1527"]
[BlackTeam "Brentwood Juniors"]
[Result "0-1"]
[PlyCount "114"]

1. e4 e6 2. Nf3 d5 3. Nc3 Nf6 4. e5 Nfd7 5. d4 c5 6. Be3 Qb6 7. Rb1 Nc6 8. Be2 cxd4 9. Nxd4 Ncxe5 10. Nf5 Qd8 11. Ng3 Be7 12. O-O O-O 13. f4 Nc6 14. f5 Nf6 15. fxe6 d4 16. exf7+ Kh8 17. Bxd4 Qxd4+ 18. Qxd4 Nxd4 19. Bc4 Be6 20. Bxe6 Nxe6 21. Rfe1 Bc5+ 22. Kh1 Nd4 23. Na4 Bb6 24. c3 Nc6 25. Nf5 Rxf7 26. Nd6 Rd7 27. Nc4 Bc7 28. b4 b5 29. Nc5 bxc4 30. Nxd7 Nxd7 31. b5 Nce5 32. Rbd1 Nd3 33. Re2 Rf8 34. Kg1 Bb6+ 35. Kh1 N7c5 36. h3 Na4 37. Rdd2 Nxc3 38. Re6 Nf2+ 39. Kh2 Nce4 40. Rc2 c3 41. Rc6 Nd3 42. Rc4 Re8 43. a3 h6 44. Rc6 Bc5 45. Rc7 Bd6+ 46. g3 Bxg3+ 47. Kg2 Bxc7 48. Kf3 Ne1+ 49. Ke2 Nxc2 50. Kd3 Ne1+ 51. Ke2 c2 52. Kxe1 c1=Q+ 53. Ke2 Nc3+ 54. Kd3 Rd8+ 55. Kc4 Na4+ 56. Kb4 Qc3+ 57. Kxa4 Rd4# 0-1

[Event "4NCL Online Division 3"]
[Site "online"]
[Date "2022.02.22"]
[EventDate "2022.02.22"]
[Round "3.121"]
[White "Salter, Ivor"]
[WhiteElo "1558"]
[WhiteTeam "Shropshire and Friends 5"]
[Black "Cook, Philip"]
[BlackElo "2106"]
[BlackTeam "Hebden Bridge 1"]
[Result "0-1"]
[PlyCount "52"]

1. e4 e5 2. Nf3 Nc6 3. d4 exd4 4. Bc4 Bc5 5. O-O d6 6. c3 Bg4 7. Nbd2 dxc3 8. bxc3 Qf6 9. Qc2 Nge7 10. Bb5 O-O 11. Bb2 Ng6 12. Bxc6 bxc6 13. c4 Qe7 14. Nd4 Bd7 15. Rae1 Qg5 16. N2f3 Qh5 17. Qc3 f6 18. Qc2 Ne5 19. Nxe5 fxe5 20. Nb3 Rf6 21. Rd1 Rh6 22. Bxe5 dxe5 23. h3 Bxh3 24. Nxc5 Bxg2 25. f4 Qh2+ 26. Kf2 Bxf1+ 0-1